000 00743nam a22002057a 4500
999 _c64322
_d64322
005 20240530110725.0
008 180418s2016 ua ch f 00| 0 ara d
017 _a2016/4633
_bمصر. دار الكتب
020 _a9789779107127
040 _aEG-CaGPL
_cEG-CaGPL
082 0 4 _221
_a916.221 /
_bق/ر س
100 0 _aرشيد غمرى
245 1 0 _aسحر الواحات /
_cرشيد غمرى ؛ تقديم احمد مجاهد
260 _aالقاهرة :
_bالهيئة المصرية العامة للكتاب ،
_c2016.
300 _a22 ص. :
_bصور ؛
_c24 سم.
650 0 7 _2qrmak
_aالصحارى
651 0 7 _2qrmak
_aالواحات
_xوصف ورحلات
942 _2ddc
_cBK